| 000 | 00452nab a2200145Ia 4500 | ||
|---|---|---|---|
| 003 | ES-SlBCS | ||
| 005 | 20210601133140.0 | ||
| 008 | 140529s2000 xxu||||| |||| 00| 0 ita d | ||
| 041 | _aita | ||
| 100 | 1 |
_aBonora, Nicola _9202392 |
|
| 245 | 0 | 0 |
_aLa catarsi sonora: alcune riflessioni sulle virtù della voce humana _c Nicola Bonora |
| 650 | 0 | 4 |
_aVoz Humana _9159304 |
| 773 | 0 |
_tSacra Doctrina _gvol. 45, nº. 1, 2000, págs. 110-135 _wRev406 |
|
| 942 | _cAR | ||
| 999 |
_c591525 _d591525 |
||